000 00493nam a2200217Ia 4500
003 OSt
005 20221005124300.0
006 a|||||r|||| 00| 0
007 ta
008 221004b |||||||| |||| 00| 0 eng d
024 _a114917
037 _cTextual
040 _aCRL
_cCRL
_beng
041 _2eng
_aeng
100 _aKoutsoyiannis A
245 0 _aModern microeconomics
250 _a2nd
260 _c1985
942 _cTEXL
_2cc
999 _c1049994
_d1049994